000 00617nam a2200229Ia 4500
003 OSt
005 20230329110726.0
008 210423s2017 xx 000 0 und d
020 _a978-93-85998-46-1
040 _cAL
041 _aeng
082 _a547.2
_223
_bKALO
100 _aKALSI (P S)
_979522
245 _aOrganic synthesis through disconnection approach Ed 2
250 _a2
260 _aNew Delhi
_bMed Tech
_c2017
300 _axvi,464
_bPB
365 _b425
_cINR
650 _aOrganic Chemistry
_979523
906 _aapproach ; disconnection ; Organic ; synthesis ; through
942 _2ddc
_cBK
999 _c168857
_d168857